| 000 | 00444nam a2200181Ia 4500 | ||
|---|---|---|---|
| 005 | 20250423100121.0 | ||
| 008 | 250422s9999 xx 000 0 und d | ||
| 020 | _a0070651760 | ||
| 050 | _aTP 156 .M3 .T74/ | ||
| 100 | _aTreybal, Robert Ewald | ||
| 245 | 0 | _aMass-transfer operations | |
| 260 | _aAuckland | ||
| 260 | _bMcGraw-Hill | ||
| 260 | _c1981 | ||
| 300 | _a784 p | ||
| 650 | _aChemical engineering. Mass transfer. | ||
| 942 | _cBK | ||
| 999 |
_c32336 _d32336 |
||